书目信息 |
| 题名: |
电影放映机
|
|
| 作者: | 吕新亚 编著 | |
| 分册: | ||
| 出版信息: | 北京 科学出版社 1979.11 |
|
| 页数: | 302页 | |
| 开本: | 20cm | |
| 丛书名: | ||
| 单 册: | ||
| 中图分类: | TB857 | |
| 科图分类: | ||
| 主题词: | 摄影--机具 , 摄影--设备 | |
| 电子资源: | ||
| ISBN: | ||
| 000 | 00624nam0 2200205 45 | |
| 001 | 0312221749 | |
| 005 | 20060426142354.78 | |
| 010 | @dCNY0.78 | |
| 100 | @a20031222d1979 km y0chiy0120 ea | |
| 101 | @achi | |
| 200 | 1 | @a电影放映机@ADian Ying Fang Ying Ji@e移动式35毫米电影放映设备@f吕新亚编著@FLu Xin Ya Bian Zhu |
| 210 | @a北京@c科学出版社@d1979.11 | |
| 215 | @a302页@d20cm | |
| 517 | 1 | @a移动式35毫米电影放映设备@Ayi dong shi 35 hao mi dian ying fang ying she bei |
| 606 | 0 | @a摄影@x机具 |
| 606 | 0 | @a摄影@x设备 |
| 690 | @aTB857@v3 | |
| 701 | 0 | @a吕新亚@4编著 |
| 801 | @aCN@bTSTCL@c20060426 | |
| 905 | @a213230@dTB857@e1 | |
| 电影放映机:移动式35毫米电影放映设备/吕新亚编著.-北京:科学出版社,1979.11 |
| 302页;20cm |
| ISBN :CNY0.78 |
| ● |
| 相关链接 |
|
|
|
|
正题名:电影放映机
索取号:TB857/1
 
预约/预借
| 序号 | 登录号 | 条形码 | 馆藏地/架位号 | 状态 | 备注 |
| 1 | 0160041 | 202289745 | 密集书库/ [索取号:TB857/1] | 在馆 | |
| 2 | 0160042 | 202202062 | 密集书库/ [索取号:TB857/1] | 在馆 | |
| 3 | 0160043 | 202289718 | 密集书库/ [索取号:TB857/1] | 在馆 | |
| 4 | 0160044 | 202266396 | 密集书库/ [索取号:TB857/1] | 在馆 |